The red badge of courage / (Record no. 2782)
[ view plain ]
| 000 -LEADER | |
|---|---|
| fixed length control field | 01678nam a22002657a 4500 |
| 005 - DATE AND TIME OF LATEST TRANSACTION | |
| control field | 20250422112216.0 |
| 020 ## - INTERNATIONAL STANDARD BOOK NUMBER | |
| International Standard Book Number | 0895980169 |
| 040 ## - CATALOGING SOURCE | |
| Original cataloging agency | DLC |
| Transcribing agency | DLC |
| Modifying agency | DLC |
| Language of cataloging | eng |
| 050 00 - LIBRARY OF CONGRESS CALL NUMBER | |
| Classification number | PS1449.C85 |
| 082 ## - DEWEY DECIMAL CLASSIFICATION NUMBER | |
| Classification number | 813.4 |
| 100 1# - MAIN ENTRY--PERSONAL NAME | |
| Personal name | Crane, Stephen |
| 245 14 - TITLE STATEMENT | |
| Title | The red badge of courage / |
| Statement of responsibility, etc. | by a Stephen Crane |
| 250 ## - EDITION STATEMENT | |
| Edition statement | This published 1993 |
| 260 ## - PUBLICATION, DISTRIBUTION, ETC. | |
| Place of publication, distribution, etc. | Oxford : |
| Name of publisher, distributor, etc. | Oxford University Press, |
| Date of publication, distribution, etc. | 1979 |
| 300 ## - PHYSICAL DESCRIPTION | |
| Extent | 85 pages ; |
| Other physical details | illustrations ; |
| Dimensions | 20 cm |
| 490 0# - SERIES STATEMENT | |
| Series statement | A Trail Blazer book |
| 505 ## - FORMATTED CONTENTS NOTE | |
| Formatted contents note | K |
| 520 ## - SUMMARY, ETC. | |
| Summary, etc. | Oxford offers the most generously annotated edition of The Red Badge of Courage (1895), a vivid psychological account of a young man's experience fighting in the American Civil War based on Crane's reading of popular descriptions of battle. This volume also includes the short stories "The Open Boat"(1898), "The Monster"(1899), and "The Blue Hotel". The editors explore Crane's work from a fresh critical perspective, focusing on his role as an experimental writer, his modernist legacy, and his social as well as literary revisionism. About the Series: For over 100 years Oxford World's Classics has made available the broadest spectrum of literature from around the globe. Each affordable volume reflects Oxford's commitment to scholarship, providing the most accurate text plus a wealth of other valuable features, including expert introductions by leading authorities, voluminous notes to clarify the text, up-to-date bibliographies for further study, and much more. |
| 521 ## - TARGET AUDIENCE NOTE | |
| Target audience note | 600 |
| Source | Lexile estimate |
| 521 ## - TARGET AUDIENCE NOTE | |
| Target audience note | K |
| Source | Raz-Plus |
| 655 #7 - INDEX TERM--GENRE/FORM | |
| Genre/form data or focus term | War stories. |
| Source of term | gsafd |
| 906 ## - LOCAL DATA ELEMENT F, LDF (RLIN) | |
| a | 7 |
| b | cbc |
| c | orignew |
| d | 2 |
| e | ncip |
| f | 19 |
| g | y-genrareb |
| 942 ## - ADDED ENTRY ELEMENTS (KOHA) | |
| Source of classification or shelving scheme | Dewey Decimal Classification |
| Koha item type | Books |
| Suppress in OPAC | No |
| 999 ## - | |
| -- | 2782 |
| -- | 2782 |
| Withdrawn status | Lost status | Source of classification or shelving scheme | Damaged status | Not for loan | Collection | Home library | Current library | Shelving location | Date acquired | Total Checkouts | Full call number | Barcode | Date last seen | Date last checked out | Price effective from | Koha item type |
|---|---|---|---|---|---|---|---|---|---|---|---|---|---|---|---|---|
| Dewey Decimal Classification | Fiction | Footprints International School Library Network Toul Kork Campus | Footprints International School Library Network Toul Kork Campus | 01/15/2024 | 1 | CRA 813.4 PS1449.C85 | FISBK05218 | 02/20/2024 | 02/06/2024 | 01/15/2024 | Books |
